LEADER 01075nam a2200265 i 4500 001 000000220444 003 CaOOAMICUS 005 20130516000000.0 008 130516s2003 it u000 u ita u 013 $a199341 020 $a88-401-4099-9 040 $aSeMil$bita 100 1 $aMiccoli, Paolo.$0(OLS)http://semarc/name/22238 245 10$aCorpo dicibile :$bl'uomo tra esperienza e significato /$cPaolo Miccoli. 260 $aRoma :$bUrbaniana University Press,$c2003. 300 $a310 p. ;$c21 cm. 490 0 $aStudia ;$v49 650 4$aUomo - Filosofia.$0(OLS)http://semarc/subject/10134 830 0$aStudia ;$v49.$0(OLS)http://semarc/title/15200 850 $aSeMil 852 $aSeMil$W1$xVenegono$y1$m2P III 726$j170799$B170799$CSeMilBibl$Z2$F181563 $81 961 $aOmaggio: Conti don Ermenegildo 996 $6020$a88-401-4099-9$9(OLS)http://semarc/number/219005 996 $6245$aCorpo dicibile :$bl'uomo tra esperienza e significato$9(OLS)http://semarc/title/316168 996 $6260$aRoma :$bUrbaniana University Press$9(OLS)http://semarc/publisher/30426 LEADER 00882nam a2200205 i 4500 001 000000100587 003 CaOOAMICUS 005 20020322000000.0 008 020322s1967 xx u000 u und u 013 $a72739 040 $aSeMil$bita 245 10$aCoś comincị la Genetica. G.J. Mendel, 1865. Centenario delle Leggi Mendeliane, 1965. 260 $aRoma :$bActa Geneticae Medicae et Gemell.,$c1967. 300 $a193 p. 650 4$aGenetica.$0(OLS)http://semarc/subject/5933 650 4$aMendel, Gregor.$0(OLS)http://semarc/subject/17984 850 $aSeMil 852 $aSeMil$W1$xVenegono$y1$m340 1 *$j57661$B57661$CSeMilBibl$Z2$F68098 $81 996 $6245$aCoś comincị la Genetica. G.J. Mendel, 1865. Centenario delle Leggi Mendeliane, 1965$9(OLS)http://semarc/title/147711 996 $6260$aRoma :$bActa Geneticae Medicae et Gemell.$9(OLS)http://semarc/publisher/44626